Privatización y marco regulatorio de las telecomunicaciones (Registro nro. 23168)
[ vista simple ]
| 000 -LEADER | |
|---|---|
| fixed length control field | 00354 a2200109 4500 |
| 001 - CONTROL NUMBER | |
| control field | ART_10616 |
| 005 - DATE AND TIME OF LATEST TRANSACTION | |
| control field | 20260410161830.0 |
| 008 - FIXED-LENGTH DATA ELEMENTS--GENERAL INFORMATION | |
| fixed length control field | 260409a |
| 100 1# - MAIN ENTRY--PERSONAL NAME | |
| Personal name | Colomé, Rinaldo A. |
| 245 10 - TITLE STATEMENT | |
| Title | Privatización y marco regulatorio de las telecomunicaciones |
| 773 0# - HOST ITEM ENTRY | |
| Title | Actualidad Económica |
| Related parts | - Año V, Nº 30 (ene./feb. 1996) |
| Record control number | REV5083 |
No hay ítems disponibles.